00721nam a2200181 a 450000100100000000500170001000800410002702000180006804000250008608200150011110000350012624501290016126000490029030000280033970000420036795201130040999900170052200004243120201002040142.0131202s2007 sp a 000 0 spa d a9788460642596 aDO-SdBNPbspacBNPHU axxxxbxxxx1 aRíos Almarza, Armando96957010aApuntes de Ávila. :bsugerencias para una visita /cArmando Ríos Almarza; presentación, Miguel Ángel García Nieto. aEspaña, :bAyuntamiento de Ávila,c2007. a108 p. :bil. ;c23 cm.1 aGarcía Nieto, Miguel Ángel969571 001050718MOaGRbGRcCTd2013-12-02iLF1l0oxxxx xxxxp42431-10r2020-06-25w2020-06-25y1ZNo se presta c41920d41920